| 000 | 00399nam a2200157Ia 4500 | ||
|---|---|---|---|
| 008 | 230524s9999 xx 000 0 und d | ||
| 082 |
_a5 _bHAR |
||
| 100 |
_aSteven Harrington _924204 |
||
| 245 | 0 | _aComputer Graphics (A Programming Approach) 2nd edn. | |
| 250 | _a2ND | ||
| 260 |
_aNEW DELHI _bMGH _c1987 |
||
| 300 | _aIX;459 | ||
| 500 | _aQuantity Number: 1 | ||
| 650 | _aComp-Sc | ||
| 942 | _cBK | ||
| 999 |
_c35722 _d35722 |
||